Až na vrchol

Bibliographic Details
Main Author: Jobus, Branislav, 1969- (Author)
Other Authors: Prokop, Milan (Photographer)
Format: Book
Language:Slovak
PhysicalDescription:141 s. fotogr. 20 cm
Published: Trnava Edition Ryba, Legenda 2008
ISBN:9788089250028
Edition:1. vyd.
Subjects:

MARC

LEADER 00000nam a2200000 a 4500
001 vtls009289833
003 SK-MaSNL
005 20260302080142.0
008 240314s2008 xo o g 000 0 slo
015 |a SNBA2008/06-02773 
020 |a 9788089250028 
040 |a SNK  |b slo  |c SNK  |e AACR2 
041 0 |a slo 
044 |a xo  |c SK 
080 |a 796.52  |2 2001 
080 |a 910.4:796.52  |2 2001 
080 |a (821.162.4-3)  |2 2001 
100 1 |a Jobus, Branislav,  |d 1969-  |4 aut  |9 250527 
245 1 0 |a Až na vrchol  |c Branislav Jobus ; [foto: Milan Prekop] 
250 |a 1. vyd. 
260 |a Trnava  |b Edition Ryba, Legenda  |c 2008 
300 |a 141 s.  |b fotogr.  |c 20 cm 
650 0 7 |a horolezectvo  |2 SNKPH  |9 1050 
650 0 7 |a horolezecké expedície  |2 SNKPH  |9 1570 
655 7 |a slovenské prózy  |2 SNKPH  |9 70229 
700 1 |a Prokop, Milan  |4 pht  |9 743920 
919 |a 978-80-89250-02-8 
968 |d 793/799 
999 |c 1172002  |d 1173932 
952 |a SNK  |b SNKPULT  |y VYP  |7 0  |p 17A0587057  |o snkSD 77344 D1  |i snk2008/9471  |8 0  |0 0  |1 0  |4 0  |d 2008-04-28  |l 1  |r 2026-04-13 16:55:11  |s 2026-03-27  |w 2026-02-24 
952 |a SNK  |b SNK  |y PREZ  |7 0  |p 17A0587058  |o snkSD 77344  |i snk2008/9470  |8 0  |0 0  |1 0  |4 0  |d 2008-04-28  |l 0  |r 2025-11-25 00:00:00  |w 2026-02-24